000
00212 a2200097 4500
001
52543
100
_a
Wallach, A T
245
_a
Women's Work
260
_a
London
_b
New English Library
_c
090
_c
33030
_d
33030
942
_a
NUST-CAE
_c
M
_c
25593
999
_c
287616
_d
287616